По тропам науки: пер. с фр.

التفاصيل البيبلوغرافية
المؤلف الرئيسي: Бройль Л. Луи де
اللغة:الروسية
منشور في: Москва, Изд-во иностранной литературы, 1962
الموضوعات:
التنسيق: MixedMaterials كتاب
KOHA link:https://koha.lib.tpu.ru/cgi-bin/koha/opac-detail.pl?biblionumber=114260

MARC

LEADER 00000nam0a2200000 4500
001 114260
005 20231031122207.0
035 |a (RuTPU)RU\TPU\book\123563 
090 |a 114260 
100 |a 20070420d1962 m y0rusy50 ca 
101 1 |a rus  |c fre 
102 |a RU 
105 |a y z 001zy 
200 1 |a По тропам науки  |e пер. с фр.  |f Л. де Бройль 
210 |a Москва  |c Изд-во иностранной литературы  |d 1962 
215 |a 408 с.  |c ил. 
320 |a Библиогр.: с. 377-379. 
610 1 |a физическая наука 
610 1 |a физика 
610 1 |a теоретическая физика 
610 1 |a Франция 
610 1 |a 20 век 
610 1 |a выступления 
610 1 |a доклады 
610 1 |a ученые 
610 1 |a инженеры 
610 1 |a статьи 
675 |a 53  |v 3 
675 |a 530.1  |v 3 
700 1 |a Бройль  |b Л.  |g Луи де 
801 1 |a RU  |b 63413507  |c 20070420  |g PSBO 
801 2 |a RU  |b 63413507  |c 20081015  |g PSBO 
942 |c BK